000 00283nam a22001217a 4500
999 _c8863
_d8863
003 OSt
005 20191109120541.0
008 191109b ||||| |||| 00| 0 eng d
040 _cDDC
100 _aDwyer, Sheldon
245 _aChattan Par Nirman Karna Part -I (Hindi)
942 _2ddc
_cBK